000 00450nam a22001937a 4500
003 MPLRDC
005 20220104142552.0
008 210129b ||||| |||| 00| 0 eng d
020 _a957-583-184-5
082 _a857.7 WXP-2
100 _a温小平
245 _a恍如梦中
_c
250 _a初版
260 _a
_b晨星出版社
_c1992
300 _b
490 _a小说广场. 38
650 _a长篇小说
942 _cBK
_o857.7 WXP-2
999 _c31945
_d31935